|
|
|
|
| LEADER |
00000cam a2200000 7i4500 |
| 001 |
0000000712 |
| 005 |
20000925.0 |
| 020 |
0 |
0 |
|a 9839119397
|
| 090 |
0 |
0 |
|a 627.81
|b ENV 1995
|
| 245 |
0 |
0 |
|a ENVIRONMENTAL impact assessment guidelines for dams and/or reservoirs projects
|
| 260 |
0 |
0 |
|a Kuala Lumpur :
|b Jabatan Alam Sekitar ,
|c 1995
|
| 300 |
|
|
|a 1 v. :
|b tables ;
|c 30 cm.
|
| 650 |
0 |
0 |
|a Dams
|x Environmental aspects
|z Malaysia
|
| 650 |
0 |
0 |
|a Dams
|x Foundations
|x Handbooks, manuals, etc.
|
| 650 |
0 |
0 |
|a Environmental impact statements
|z Malaysia
|
| 710 |
1 |
1 |
|a Malaysia ,
|c Jabatan Alam Sekitar
|
| 999 |
|
|
|a 0000000612
|b Monograph
|c Open Shelf
|e Default branch
|
| 999 |
|
|
|a 0000005989
|b Monograph
|c Open Shelf
|e Default branch
|